000 01083nas a2200373 4500
001 BR2017001080
003 BR-BrBNA
005 20231205130915.0
007 ta
008 230509b bl.|||p| |||| 00| 00por d
040 _aBR-BrBNA
_bpor
_cBiblioteca Nacional de Agricultura
041 _a(Pt)
072 _aP36; F01
100 1 _aZolin, C.A.
100 1 _aPaulino, J.
100 1 _aMatos, E. da S.
100 1 _aMagalhães, C.A. de S.
100 1 _aAlmeida, F.T. de
100 1 _aSouza, A.P. de
100 1 _aMingoti, R.
245 1 _aPerda de solo e água sob integração lavoura-floresta e em sucessão soja-milho
650 _aLAVOURA
650 _aFLORESTA
650 _aINTEGRAÇÃO
650 _aSOJA
650 _aMILHO
650 _aPLANTIO DIRETO
650 _aEROSÃO HÍDRICA
650 _aRECURSO HÍDRICO
650 _aCONSERVAÇÃO DO SOLO
773 0 _tPesquisa Agropecuária Brasileira (Brazil)
_xISSN 0100-204X
_g(Sep 2016), v. 51(9) p. 1223-1230
_wBR2017001080
909 _a202311
_bLúcia
_c55
_dLúcia Elande
942 _2AGRIS
_n0
_cANA
999 _c251965
_d251965